Statistics for Biggest City in each U.S. State by Letter P

Click here to take the quiz!

General Stats

  • This quiz has been taken 608 times
  • The average score is 11 of 19

Answer Stats

StatePopulationCity% Correct
Pennsylvania1,584,981Philadelphia
97%
Arizona1,445,632Phoenix
97%
Maine66,318Portland
96%
Oregon583,776Portland
96%
Rhode Island178,042Providence
89%
Utah116,199Provo
76%
Illinois115,007Peoria
68%
Texas259,841Plano
62%
Colorado106,595Pueblo
56%
New Jersey146,199Paterson
53%
Florida195,248Port St. Lucie
49%
Idaho54,255Pocatello
42%
Virginia96,470Portsmouth
40%
Minnesota70,576Plymouth
38%
California152,750Palmdale
31%
Ohio81,601Parma
25%
Michigan59,515Pontiac
17%
Washington59,781Pasco
13%
Massachusetts51,251Peabody
8%

Score Distribution

Percentile by Number Answered

Percent of People with Each Score

Your Score History

You have not taken this quiz